00334nam a22000977a 4500082001200000100001900012245009700031260004100128650002600169700004100195 a200 THE aMuhammad Usman aTH-SOF-1199-Designing a Framework for Standardization of Ophthalmic Imaging Data using DICOM aIslamabadbNUST College of EMEc2015 a MS-CSE-13 MSTHESIS aSupervison Dr. Muhammad Usman Akram